Top 15 Universities of the World - Statistics

General Stats
  • This quiz has been taken 52 times
  • The average score is 8 of 15
Answer Stats
Rank Country Answer % Correct
5 USA Harvard University
96%
4 UK University of Oxford
94%
2 UK University of Cambridge
88%
1 USA Massachusetts Institute of Technology
76%
3 USA Stanford University
68%
6 USA California Institute of Technology
52%
9 Switzerland ETH Zurich (Swiss Federal Institute of Technology)
50%
8 UK University College London
46%
15 UK University of Edinburgh
42%
7 UK Imperial College London
36%
10 USA University of Chicago
32%
13 USA University of Pennsylvania
32%
12 China Peking University
20%
11 Singapore National University of Singapore
18%
14 China Tsinghua University
18%
No matching quizzes found
Score Distribution
Percent of People with Each Score
Percentile by Number Answered
Your Score History
You have not taken this quiz